Catálogo

IN QUEST OF EXCELLENCE : (Registro nro. 49503)

Detalles MARC
000 -LEADER
fixed length control field 00989nam a2200181 a 4500
001 - CONTROL NUMBER
control field 49503
005 - DATE AND TIME OF LATEST TRANSACTION
control field 20180714034222.0
008 - FIXED-LENGTH DATA ELEMENTS--GENERAL INFORMATION
fixed length control field 140415s2006 ko 000 0 spa d
041 ## - LANGUAGE CODE
Language code of text/sound track or separate title spa
082 ## - DEWEY DECIMAL CLASSIFICATION NUMBER
Classification number 320.60519
Item number QUE
245 00 - TITLE STATEMENT
Title IN QUEST OF EXCELLENCE :
Remainder of title SELECTED PUBLIC POLICIES OF KOREA
250 ## - EDITION STATEMENT
Edition statement 1a ed.
260 ## - PUBLICATION, DISTRIBUTION, ETC.
Place of publication, distribution, etc. COREA :
Name of publisher, distributor, etc. OFFICE FOR GOVERNMENT POLICY COORDINATION,
Date of publication, distribution, etc. 2006
300 ## - PHYSICAL DESCRIPTION
Extent 669
Dimensions 19 x 0.8 x 27
490 ## - SERIES STATEMENT
Series statement OBRASELECTAS
520 ## - SUMMARY, ETC.
Summary, etc. THE GOVERNMENT W-PROCUREMENT SYSTEM (GEPS) SERVES AS A SINGLE WINDOW FOR ALL PUBLIC PROCUREMENT, EFFICENTLY PROVIDING HIGH-QUALITY GOODS, EQUIPMENT AND SERVICES FOR GOVERNMENT ORGANIZATIONS. THE PUBLIC PROCUREMENT SERVICE (PPS) HAS ESTABLISHED THE WORLDS LARGEST CYBER MARKET FOR GOVERNMENT PROCUREMENT, WITH US 43 BILLION IN TRANSACTIONS WITH MORE THAN 150.000 PRIVATE COMPANIES AND SOME 30,000 PUBLIC ORGANIZATIONS.
650 14 - SUBJECT ADDED ENTRY--TOPICAL TERM
Topical term or geographic name entry element POLITICA AMBIENTAL
General subdivision ASPECTOS ECONOMICOS
-- POLITICA ECONOMICA INTERNACIONAL
Existencias
Withdrawn status Lost status Source of classification or shelving scheme Damaged status Not for loan Collection code Home library Current library Shelving location Date acquired Source of acquisition Inventory number Total Checkouts Full call number Barcode Date last seen Price effective from Koha item type
    Dewey Decimal Classification     General Biblioteca Karol Wojtyla Biblioteca Karol Wojtyla Sala general 03/12/2013 Compra 151000000000000000056039   320.60519 QUE 73973 05/01/2026 03/12/2013 Libro